Bangkok - quiz wielokrotnego wyboru - Statystyki

Ogólne statystyki
  • Ten quiz został rozwiązany 732 razy
    699 od ostatniego zresetowania
  • Średni wynik to 5 z 10
Statystyki odpowiedzi
Zagadnienie Odpowiedź % Poprawnych
Jaką religię wyznaje 93% mieszkańców Bangkoku? Buddyzm
91%
Z którego z poniższych środków transportu słynie Bangkok? Tuk tuki
72%
Wśród wszystkich miast na świecie w 2024 r. Bangkok zajmuje pierwsze miejsce pod względem... Większości międzynarodowych przyjazdów turystycznych
65%
Jak w swoim języku nazywa się Bangkok? Krung Thep
57%
Poza piłką nożną, jaki jest główny sport widowiskowy w Bangkoku? Kickboxing
54%
Jaka europejska potęga skolonizowała Bangkok w XIX wieku? Żadna
46%
Który z tych napojów jest oparty na napoju wprowadzonym w Tajlandii w 1976 roku? Red Bull
42%
Jaka rzeka przepływa przez Bangkok? Chao Phraya
39%
Jaka słynna świątynia znajduje się w Bangkoku? Wat Arun
37%
Do około 1950 r. ponad połowa populacji Bangkoku składała się z... Chińczyków
28%
Nie znaleziono quizów pasujących do podanych kryteriów
Rozkład punktacji
Procent ludzi z każdym wynikiem
Percentyl według liczby udzielonych odpowiedzi
Twoja historia wyników
Nie rozwiązałeś tego quizu od ostatniego zresetowania